00545 2200193 4500001002100000005001700021008004100038020001800079035002900097090002000126100003500146245003400181250001000215260003300225300003100258440001400289650002400303990002400327INLIS00000000002364820150121110840.0  a979-26-6126-3 a##a0010-011500000000437 aR 297.224 Muh s aMuhammad Nashiruddin Al-Albani aShahih Sunan Nasa'i Jilid III aCet 1 aJakartabPustaka Azzamc2013 axxviii + 870 hlm ; 23,5 cm aJilid III aKumpulan Hadis Nabi a32643/PUSDACIL/2015